00577nam a2200181Ia 450000500170000000800410001702000260005804000190008404100120010308200160011524500950013126000410022630000120026750400590027965000270033870000200036585000100038520221116121235.0131103s9999 xx 000 0 und d aSBN 195613554cRs.120 aLoreto College aEnglish a954.03bGUH aSubaltern Studies Ib writings on South Asian History and society cedited by Ranajit Guha aDelhibOxford University Pressc1982 a241 p.  aIncludes index,glossary and bibliographical references aIndia - Modern History aGuha,Ranjit;ed. aLCLIB